Les 10 plus hautes montagnes du monde - Statistiques

Statistiques générales
  • Ce quiz a été pris 11 926 fois
  • Le résultat moyen est 3 sur 10
Statistiques - réponses
Pays Altitude Sommet % Correct
Chine / Népal 8848 Everest
98%
Chine / Pakistan 8611 K2
71%
Népal 8091 Annapurna
28%
Chine / Népal 8516 Lhotse
13%
Pakistan 8126 Nanga Parbat
11%
Chine / Népal 8485 Makalu
10%
Chine / Népal 8188 Cho Oyu
9%
Népal 8163 Manaslu
9%
Népal 8167 Dhaulagiri
7%
Inde / Népal 8586 Kangchenjunga
7%
Aucun quiz correspondant
Distribution des résultats
% des personnes avec chaque résultat
Percentile par nombre de réponses
Votre historique - résultats
Vous n’avez pas pris ce quiz